| 000 | 00523nam a2200181Ia 4500 | ||
|---|---|---|---|
| 008 | 151202s9999||||xx |||||||||||||| ||und|| | ||
| 082 | _bPNVM-4908 | ||
| 100 | _aसंपा-ओक वा.दा. | ||
| 245 | _aकवितासंग्रह. | ||
| 260 | _b--- | ||
| 260 | _c0 | ||
| 300 | _a100 | ||
| 600 | _aसंपा-ओक वा.दा. | ||
| 630 | _aकवितासंग्रह. | ||
| 700 | _aसंपा-ओक वा.दा. | ||
| 730 | _aकवितासंग्रह. | ||
| 942 | _cBOOK | ||
| 999 |
_c1270906 _d1270903 |
||